02066nam a22003137a 4500003000900000008004100009040007100050082002400121110003600145245008800181260005300269300003300322440012400355505097300479650001701452650002101469650002401490650002501514650002101539650002201560700001901582700001901601700001901620700002501639700001701664700002601681700002101707700002401728AR-CdUCM190425b ||||| |||| 00| 0 spa d aMUNICIPALIDAD PROVINCIAL DEL CUSCOcBIBLIOTECA MUNICIPAL DEL CUSCO aRev.Andi/N°30/1997 aCentro Bartolomé de Las Casas aRevista andina /cCentro de estudios rurales andinos Bartolomé de Las Casas Cusco aCusco :bCentro Bartolomé de Las Casas,c1997. a383-551 páginas. :c23 cm. aPublicación Semestral del Centro Bartolomé de Las Casas Cusco.nAño 15, Número 30, N°2, Segundo semestre 1997. aContenido: Nutrición infantil en los Andes nuevos enfoques en la medición e interpretación del estado nutricional en la niñez. Ulrike Eigner.-- Abastecimiento de energía nutricional en economías domésticas agrarias de subsistencia valle de Charazani Bolivia. Joachim Ziche. -- Cultivos andinos y seguridad alimentaria qué política. Annette Salis. -- Herejes, marginales e infectos extranjeros y mentalidad excluyente en la sociedad colonial siglos XVI y XVII. Fernando Armas Asin. -- ¿Estatuto fiscal contra identidad étnica? criterios de diferenciación social en el sur del Perú 1569-1579. Carmen B. Loza. -- Oposiciones a parroquias y doctrinas. El catálogo de la sección Concursos Archivo Arzobispal de Lima. Siglos XVII-XIX. Juan Carlos García. -- Barroco musical en los Andes Siglos XVI-XVII-XVIII. Henrique Urbano. -- Una visión retrospectiva y crítica de las investigaciones etnomusicológicas en Bolivia. Ramiro Gutiérrez. aNutrición  aCultivos andinos aFrontera agrícola aSanta inquisición  aMúsica barroca aEtnomusicología aEigner, Ulrike aZiche, Joachim aSalis, Annette aArmas Asin, Fernando aLoza, Carmen aGarcía, Juan Carlos aUrbano, Henrique aGutiérrez, Ramiro